| 000 | 00812nam a22002057a 4500 | ||
|---|---|---|---|
| 003 | CUTN | ||
| 005 | 20171115125143.0 | ||
| 008 | 171115b xxu||||| |||| 00| 0 eng d | ||
| 020 | _a8170226961 | ||
| 020 | _a9788170226963 | ||
| 082 |
_a910 _bKHA |
||
| 100 | _aNajma, Khan | ||
| 245 | _aQuantitative methods in geographical research | ||
| 260 |
_aNew Delhi : _bConcept Publishing Company _c2003 |
||
| 300 | _av, 136 p. | ||
| 505 | _a1. Definition, Objectives and fields of statistics 2. Measures of Central Tendency 3. Quantification in major fields of Geography 4. Sampling Techniques 5. Measure of Inequality and relationships 6. Sources of statistics and statistical organization | ||
| 650 | _aSocial sciences--Statistical methods | ||
| 650 | _aGeography--Statistical methods | ||
| 942 |
_2ddc _cBOOKS |
||
| 999 |
_c23872 _d23872 |
||